Städte der Schweiz aus der Luft - Statistiken

Allgemein
  • Dieses Quiz wurde 56 mal gespielt
  • Das Durchschnittsergebnis liegt bei 9 aus 18
Antwortstatistiken
Bildquiz Antwort % Korrekt
Bern
87%
Basel
82%
Zürich
76%
Luzern
69%
Genf
67%
Biel
62%
Zug
56%
La Chaux-de-Fonds
49%
Lugano
49%
St. Gallen
44%
Thun
44%
Solothurn
42%
Winterthur
42%
Schaffhausen
40%
Aarau
38%
Bellinzona
33%
Chur
33%
Sitten
24%
Keine übereinstimmenden Quizze gefunden
Verteilung der Resultate
Anzahl Personen mit jedem Resultat
Perzentil nach korrekt beantworteten Fragen
Ihre Resultats-Entwicklung
Sie haben dieses Quiz noch nicht gespielt